| Tag |
First Indicator |
Second Indicator |
Subfields |
| LEADER |
00000cam a2200000 i 4500 |
| 001 |
in00000528613 |
| 005 |
20151013173634.0 |
| 008 |
771122r19761895ohuaf 00010bengm |
| 010 |
|
|
|a 77153860
|
| 020 |
|
|
|a 089029032X :
|c $25.00
|
| 035 |
|
|
|a (OCoLC)02319948
|
| 035 |
|
|
|9 ACH4142AM
|
| 040 |
|
|
|a DLC
|c DLC
|d m.c.
|d TXA
|d UtOrBLW
|
| 049 |
|
|
|a TXAM
|c [1130314]
|
| 050 |
0 |
0 |
|a E467.1.J15
|b J16 1976
|
| 082 |
0 |
|
|a 973.7/3/0924
|
| 100 |
1 |
|
|a Jackson, Mary Anna,
|d 1831-1915.
|
| 245 |
1 |
0 |
|a Memoirs of Stonewall Jackson /
|c by Mary Anna Jackson ; with introductions by John B. Gordon and Henry M. Field ; and sketches by Fitzhugh Lee [and others].
|
| 264 |
|
1 |
|a Dayton, Ohio :
|b Morningside Bookshop,
|c 1976.
|
| 300 |
|
|
|a xxiv, 647 pages, 12 unnumbered leaves of plates :
|b illustrations, portraits ;
|c 27 cm.
|
| 336 |
|
|
|a text
|b txt
|2 rdacontent
|
| 337 |
|
|
|a unmediated
|b n
|2 rdamedia
|
| 338 |
|
|
|a volume
|b nc
|2 rdacarrier
|
| 500 |
|
|
|a "Facsimile 32."
|
| 500 |
|
|
|a Reprint of the 1895 edition published by the Prentice Press, Louisville, Ky.
|
| 600 |
1 |
0 |
|a Jackson, Stonewall,
|d 1824-1863.
|
| 650 |
|
0 |
|a Generals
|z United States
|v Biography.
|
| 999 |
|
|
|a MARS
|
| 999 |
f |
f |
|s d90a1484-4c48-3694-b395-760d29980bf1
|i cc521eac-42e7-367f-bc1a-685ad4e7f818
|t 0
|
| 952 |
f |
f |
|p normal
|a Texas A&M University
|b College Station
|c Sterling C. Evans Library
|d Evans: Library Stacks
|t 0
|e E467.1.J15 J16 1976
|h Library of Congress classification
|i unmediated -- volume
|m A14807419231
|
| 998 |
f |
f |
|a E467.1.J15 J16 1976
|t 0
|l Evans: Library Stacks
|